Reforma del plan de estudios de la carrera de Ingeniería Química de la Universidad de Costa Rica
Kaydedildi:
| Yazar: | |
|---|---|
| Diğer Yazarlar: | |
| Materyal Türü: | Kitap |
| Baskı/Yayın Bilgisi: |
San José, C.R.
2004
|
| Konular: | |
| Etiketler: |
Etiketle
Etiket eklenmemiş, İlk siz ekleyin!
|
MARC
| LEADER | 00000nam a2200000Ia 4500 | ||
|---|---|---|---|
| 003 | 009283 | ||
| 005 | 20221231144141.0 | ||
| 008 | 140114s2004 cr a m 000 ||s d | ||
| 040 | |c cru CEDI | ||
| 090 | |a TFG 4822 | ||
| 100 | |a Antillón Arroyo, Alberto José |9 6607 | ||
| 245 | |a Reforma del plan de estudios de la carrera de Ingeniería Química de la Universidad de Costa Rica | ||
| 260 | |c 2004 |a San José, C.R. | ||
| 300 | |a xii, 112 hojas : ilustraciones | ||
| 500 | |a Tesis (licenciatura en ingeniería química)--Universidad de Costa Rica. Facultad de Ingeniería. Escuela de Ingeniería Química | ||
| 650 | |x UNIVERSIDAD DE COSTA RICA FACULTAD DE INGENIERIA. ESCUELA DE INGENIERIA INDUSTRIAL |x INGENIERÍA QUÍMICA |x EDUCACION |x PLANES DE ESTUDIO |x EVALUACION CURRICULAR |9 6608 | ||
| 700 | |9 6609 |a Goméz Rojas, Roberto | ||
| 942 | |c TFG | ||
| 999 | |c 17610 |d 17610 | ||
